| 000 | 00514nam a2200193Ia 4500 | ||
|---|---|---|---|
| 008 | 140626s9999 xx 000 0 und d | ||
| 100 | _aYoung, Tae-Moon. | ||
| 245 |
_aSouth Gyeongsan, South Korea : _b Tripitaka Koreana, wisdom of a millenium / _cTae-Moon.Young |
||
| 260 | _cc2012. | ||
| 300 | _a13 : 10, page 64 | ||
| 440 | _aCruising | ||
| 521 | _aTOU | ||
| 650 | _aBuddhism. | ||
| 650 | _aLaws. | ||
| 650 | _aSouth Korea. | ||
| 650 | _aTripitaka Koreana. | ||
| 650 | _aWooden blocks. | ||
| 942 | _cSE | ||
| 999 |
_c121161 _d121161 |
||